000 00438nam a22001577a 4500
005 20150507160704.0
008 150507b xxu||||| |||| 00| 0 eng d
020 _a9789694964173
040 _cPK-LaUMT
082 _aKHC 954.9205
_bMAS-C
100 _aمسعودمفتی
245 _aچہرے اور مہرے
_cمسعودمفتی
260 _aاسلام آباد
_bدوست پبلی کیشنز
_c2011
300 _a248 ص
942 _cBK
999 _c70930
_d70930